Statistics for 50 Finnish Animal Words

Click here to take the quiz!

General Stats

  • This quiz has been taken 624 times
  • The average score is 37 of 50

Answer Stats

EnglishFinnish% Correct
DogKoira
99%
CatKissa
98%
FishKala
95%
LionLeijona
94%
BirdLintu
93%
TigerTiikeri
92%
AnimalEläin
91%
BearKarhu
91%
GiraffeKirahvi
89%
SheepLammas
89%
MonkeyApina
88%
ElephantElefantti
88%
MouseHiiri
88%
SharkHai
87%
CamelKameli
87%
DolphinDelfiini
86%
SpiderHämähäkki
85%
KangarooKenguru
84%
RatRotta
84%
HorseHevonen
83%
ButterflyPerhonen
83%
BatLepakko
80%
WhaleValas
80%
OwlPöllö
79%
SnakeKäärme
78%
FoxKettu
78%
WolfSusi
77%
EagleKotka
76%
FlyKärpänen
75%
SquirrelOrava
75%
LeopardLeopardi
74%
DuckAnkka
73%
FrogSammakko
73%
ZebraSeepra
73%
TurtleKilpikonna
70%
PiranhaPiraija
69%
SwanJoutsen
68%
HyenaHyeena
67%
TurkeyKalkkuna
64%
HawkHaukka
61%
HareJänis
58%
GooseHanhi
57%
DeerHirvi
53%
OstrichStrutsi
53%
YakJakki
48%
LobsterHummeri
45%
SnailEtana
40%
MagpieHarakka
31%
WeaselLumikko
17%
SeagullKotka
4%

Score Distribution

Percentile by Number Answered

Percent of People with Each Score

Your Score History

You have not taken this quiz